Top 💯 prénoms féminins 👧 en France 🇫🇷 en 2005 - Statistiques

Statistiques générales
  • Ce quiz a été pris 339 fois
  • Le résultat moyen est 69 sur 100
Statistiques - réponses
Classement Prénom % Correct
#26 Lou
93%
#15 Julie
91%
#2 Léa
91%
#12 Marie
91%
#5 Chloé
89%
#1 Emma
89%
#28 Louise
87%
#4 Manon
87%
#27 Pauline
86%
#79 Sara
86%
#52 Anna
85%
#6 Camille
85%
#22 Juliette
84%
#29 Charlotte
83%
#3 Clara
83%
#19 Laura
83%
#17 Lisa
83%
#9 Jade
82%
#16 Mathilde
82%
#7 Sarah
82%
#8 Inès
81%
#23 Zoé
81%
#40 Emilie
80%
#20 Eva
80%
#64 Julia
80%
#14 Lola
80%
#10 Lucie
80%
#43 Marine
80%
#37 Alice
79%
#31 Jeanne
79%
#13 Anaïs
78%
#41 Elisa
78%
#51 Elise
78%
#35 Justine
77%
#21 Léna
77%
#18 Romane
76%
#36 Alicia
74%
#34 Clémence
74%
#50 Margaux
74%
#25 Lilou
73%
#94 Lise
72%
#66 Louane
72%
#49 Margot
72%
#11 Océane
72%
#61 Amélie
71%
#39 Carla
71%
#53 Marion
71%
#38 Lina
70%
#30 Noémie
70%
#32 Ambre
69%
#62 Eloïse
68%
#45 Maelle
68%
#44 Maelys
68%
#65 Valentine
68%
#24 Célia
67%
#56 Agathe
66%
#96 Claire
66%
#100 Héloïse
66%
#47 Louna
66%
#81 Victoria
66%
#55 Nina
65%
#54 Amandine
64%
#97 Clémentine
64%
#59 Elsa
63%
#33 Maéva
63%
#74 Luna
62%
#46 Mélissa
61%
#42 Morgane
61%
#73 Solène
60%
#75 Fanny
59%
#90 Ninon
59%
#69 Salomé
59%
#89 Adèle
58%
#93 Capucine
58%
#83 Cloé
58%
#60 Lana
58%
#91 Sofia
58%
#82 Coralie
57%
#78 Alexia
56%
#77 Elodie
56%
#58 Léane
56%
#57 Candice
55%
#99 Clarisse
55%
#80 Laurine
55%
#68 Léonie
55%
#67 Cassandra
54%
#86 Mélina
54%
#88 Méline
54%
#76 Axelle
53%
#98 Emeline
51%
#70 Anaelle
50%
#63 Yasmine
50%
#87 Coline
49%
#48 Ilona
49%
#71 Loane
49%
#85 Andréa
45%
#72 Flavie
45%
#84 Angelina
38%
#95 Enora
38%
#92 Myriam
37%
Aucun quiz correspondant
Distribution des résultats
% des personnes avec chaque résultat
Percentile par nombre de réponses
Votre historique - résultats
Vous n’avez pas pris ce quiz